| 000 | 00546nam a2200169 i 4500 | ||
|---|---|---|---|
| 001 | 173324 | ||
| 003 | ES-MaACL | ||
| 005 | 20230906215219.0 | ||
| 008 | 091125s1975 sp |||| | spa d | ||
| 080 | _a806.0(729.5) | ||
| 100 | 1 |
_aArana-Soto, S. _922263 |
|
| 245 | 1 | 4 |
_aLos defensores del idioma en Puerto Rico / _cS. Arana-Soto. |
| 260 |
_aSan Juan de Puerto Rico : _b[s.n.], _c1975 ( _e[Barcelona : _fArt. Gráf. Medinaceli]) |
||
| 300 |
_a87 p. ; _c21 cm. |
||
| 650 | 4 |
_aLengua española- _zPuerto Rico. _914180 |
|
| 852 |
_aES-MaACL _jC-57025 |
||
| 999 |
_c173324 _d173324 |
||